000 00483nam a2200157Ia 4500
008 240729s9999 xx 000 0 und d
022 _a2329-258X
245 0 _aJournal of Aviation/Aerospace Education & Research
260 _aUnited States
260 _bEmbry-Riddle Aeronautical University
650 _a Motor vehicles. Aeronautics. Astronautics
650 _aTechnology
856 _uhttps://doaj.org/toc/7e8a19177545440cad4bc4582307e857
942 _2ddc
942 _cDOAJEJ
999 _c72231
_d72231
945 _a1
_bMadushi Gamage
_c1
_dMadushi Gamage